00260cam a22000857a 4500040000800000082002600008245002800034260008400062300002800146 cDLC a338 CPD 1962 C146 Or.10a1962 Annual report :b/ aPittsburgh, PA :bCity Planning Commission, Department of City Planning ,c1962 a39 p. :bill. ;c28 cm.